| 000 | 01528cam a2200337 i 4500 | ||
|---|---|---|---|
| 001 | 12302433 | ||
| 003 | EG-ScBUE | ||
| 005 | 20241118104046.0 | ||
| 008 | 010207s2001 enka f b 001 0 eng d | ||
| 020 | _a0521003490 (pbk.) | ||
| 020 | _a780521003490 | ||
| 040 |
_aDLC _beng _erda _cDLC _dDLC _dEG-ScBUE |
||
| 082 | 0 | 4 |
_a519.4 _222 _bFOU |
| 245 | 0 | 0 |
_aFoundations of computational mathematics / _cedited by Ronald A. DeVore, University of South Carolina, Arieh Iserles, University of Cambridge, Endre Suli, University of Oxford. |
| 264 | 1 |
_aCambridge : _bCambridge University Press, _c2001. |
|
| 300 |
_aviii, 400 pages : _billustrations ; _c23 cm. |
||
| 336 |
_2rdacontent _atext _btxt |
||
| 337 |
_aunmediated _2rdamedia _bn |
||
| 338 |
_avolume _bnc _2rdacarrier |
||
| 490 | 0 |
_aLondon mathematical society lecture note series ; _v284 |
|
| 504 | _aIncludes bibliographical references and index. | ||
| 650 | 7 |
_aNumerical analysis. _2BUEsh _910683 |
|
| 655 | _vReading book | ||
| 700 | 1 |
_aDeVore, Ronald A., _eeditor. _910684 |
|
| 700 | 1 |
_aIserles, A., _eeditor. _910685 |
|
| 700 | 1 |
_aSuli, Endre, _d1956- _eeditor. _910686 |
|
| 856 | 4 | 2 |
_3Publisher description _uhttp://www.loc.gov/catdir/description/cam021/2001025226.html |
| 856 | 4 |
_3Table of Contents _uhttp://www.loc.gov/catdir/toc/fy02/2001025226.html |
|
| 942 |
_2ddc _cBB |
||
| 999 |
_c13215 _d13215 |
||